| 000 | 00365nam a22001337a 4500 | ||
|---|---|---|---|
| 020 | _a0471351695 | ||
| 040 | _cNUST | ||
| 082 |
_a519.3 _bMIL |
||
| 100 |
_aRonald E Miller _9125123 |
||
| 245 | _aOptimization Foundations and Applications | ||
| 260 |
_aNew York: _bJohn Wiley & Sons, _c2000. |
||
| 650 | _2Optimization Foundations and Applications | ||
| 942 |
_2ddc _cBK |
||
| 999 |
_c610898 _d610898 |
||